Fr. Conceicao Rodrigues College of Engineering

Train the trainer W.M. (Record no. 27697)

MARC details
000 -LEADER
fixed length control field 00326nam a2200145Ia 4500
082 ## - DEWEY DECIMAL CLASSIFICATION NUMBER
Classification number 658.312404
Item number mod
100 ## - MAIN ENTRY--PERSONAL NAME
Personal name Mody/ S.M.
245 ## - TITLE STATEMENT
Title Train the trainer W.M.
260 ## - PUBLICATION, DISTRIBUTION, ETC.
Name of publisher, distributor, etc. Indian Society for Technical ed
Place of publication, distribution, etc. New Delhi
Date of publication, distribution, etc. 1996
300 ## - PHYSICAL DESCRIPTION
Extent 50
546 ## - LANGUAGE NOTE
Language note ENGLISH
654 ## - SUBJECT ADDED ENTRY--FACETED TOPICAL TERMS
Focus term Management
942 ## - ADDED ENTRY ELEMENTS (KOHA)
Koha item type BOOK
Holdings
Withdrawn status Lost status Damaged status Not for loan Collection Home library Current library Shelving location Date acquired Total Checkouts Full call number Barcode Date last seen Price effective from Koha item type
        CRC Fr. Agnel's C.Rodrigues College of Engineering Fr. Agnel's C.Rodrigues College of Engineering   17/03/2023   658.312404 mod 8426 17/03/2023 17/03/2023 BOOK
        CRC Fr. Agnel's C.Rodrigues College of Engineering Fr. Agnel's C.Rodrigues College of Engineering   17/03/2023   658.312404 MOD 8437 17/03/2023 17/03/2023 BOOK